书目信息 |
| 题名: |
黑孩子
|
|
| 作者: | 林德 编著 | |
| 分册: | ||
| 出版信息: | 北京 光明日报出版社 2002 |
|
| 页数: | 336页 | |
| 开本: | 20cm | |
| 丛书名: | "三类天才"书系 | |
| 单 册: | ||
| 中图分类: | G763 | |
| 科图分类: | ||
| 主题词: | 早慧儿童--儿童教育 | |
| 电子资源: | ||
| ISBN: | 7-80145-556-8 | |
| 000 | 00748nam0 2200253 450 | |
| 001 | 0640526952 | |
| 005 | 20060117112034.85 | |
| 010 | @a7-80145-556-8@dCNY18.00 | |
| 092 | @aCN | |
| 100 | @a20060117d2002 km y0chiy0120 ea | |
| 101 | 0 | @achi |
| 102 | @aCN@b110000 | |
| 102 | @aCN@b110000 | |
| 200 | 1 | @a黑孩子@Ahei hai zi@e如何塑造完全自立的领导天才@f林德编著@Flin de bian zhu |
| 210 | @a北京@c光明日报出版社@d2002 | |
| 215 | 1 | @a336页@d20cm |
| 225 | @a"三类天才"书系 | |
| 410 | 0 | @12001 @a"三类天才"书系 |
| 517 | 1 | @a如何塑造完全自立的领导天才@Aru he su zao wan quan zi li de ling dao tian cai |
| 606 | 0 | @a早慧儿童@x儿童教育 |
| 690 | @aG763@v4 | |
| 701 | 0 | @a林德@Alin de@4编著 |
| 801 | 0 | @aCN@bPFT@c20060117 |
| 905 | @a10447@dG763@e12 | |
| 黑孩子:如何塑造完全自立的领导天才/林德编著.-北京:光明日报出版社,2002 |
| 336页;20cm.-("三类天才"书系) |
| ISBN 7-80145-556-8:CNY18.00 |
| ● |
| 相关链接 |
|
|
|
|
正题名:黑孩子
索取号:G763/12
 
预约/预借
| 序号 | 登录号 | 条形码 | 馆藏地/架位号 | 状态 | 备注 |
| 1 | 0338083 | 203380830 | 第一样本阅览室/ [索取号:G763/12] | 在馆 | |
| 2 | 0338084 | 203380849 | 教育系资料室/ [索取号:G763/12] | 在馆 | |
| 3 | 0338085 | 203380858 | 第四借阅区/ [索取号:G763/12] | 在馆 | |
| 4 | 0338086 | 203380867 | 教育系资料室/ [索取号:G763/12] | 在馆 | |
| 5 | 0338087 | 203380876 | 第四借阅区/ [索取号:G763/12] | 在馆 | |
| 6 | 0338088 | 203380885 | 教育系资料室/ [索取号:G763/12] | 在馆 | |
| 7 | 0338089 | 203380894 | 教育系资料室/ [索取号:G763/12] | 在馆 | |
| 8 | 0338090 | 203380901 | 教育系资料室/ [索取号:G763/12] | 在馆 |